[Event "European Women's Championship"]
[Site "Vysoke Tatry"]
[Date "2018.04.08"]
[Round "1"]
[White "Shuvalova, Polina"]
[Black "Vidic, Teja"]
[Result "1-0"]
[Board "38"]
[WhiteElo "2389"]
[WhiteTitle "WIM"]
[WhiteCountry "RUS"]
[WhiteFideId "24171760"]
[WhiteEloChange "5"]
[BlackElo "2176"]
[BlackTitle "WFM"]
[BlackCountry "SLO"]
[BlackFideId "14605511"]
[BlackEloChange "-5"]

1. e4 {[%clk 1:30:57]} e5 {[%clk 1:30:51]} 2. Nf3 {[%clk 1:31:23]} Nc6 {[%clk
1:31:14]} 3. Bb5 {[%clk 1:31:49]} a6 {[%clk 1:31:40]} 4. Ba4 {[%clk 1:32:16]} Nf6
{[%clk 1:31:58]} 5. O-O {[%clk 1:32:40]} Be7 {[%clk 1:32:20]} 6. Re1 {[%clk
1:32:58]} b5 {[%clk 1:32:46]} 7. Bb3 {[%clk 1:33:23]} O-O {[%clk 1:33:11]} 8. h3
{[%clk 1:32:02]} Bb7 {[%clk 1:23:23]} 9. d3 {[%clk 1:32:20]} h6 {[%clk 1:08:26]}
10. a3 {[%clk 1:28:04]} Re8 {[%clk 1:07:04]} 11. Nc3 {[%clk 1:27:55]} Bf8 {[%clk
1:04:50]} 12. Bd2 {[%clk 1:21:53]} d6 {[%clk 0:59:42]} 13. a4 {[%clk 1:17:14]}
Na5 {[%clk 0:51:59]} 14. Ba2 {[%clk 1:12:39]} b4 {[%clk 0:51:56]} 15. Ne2 {[%clk
1:08:51]} d5 {[%clk 0:47:30]} 16. Ng3 {[%clk 1:05:34]} dxe4 {[%clk 0:45:06]} 17.
dxe4 {[%clk 1:04:58]} c5 {[%clk 0:45:05]} 18. Qe2 {[%clk 0:54:05]} Qc7 {[%clk
0:42:01]} 19. Nh2 {[%clk 0:52:53]} Rad8 {[%clk 0:37:22]} 20. Ng4 {[%clk 0:52:53]}
Qc6 {[%clk 0:37:22]} 21. Nxf6+ {[%clk 0:34:05]} Qxf6 {[%clk 0:23:26]} 22. Red1
{[%clk 0:33:56]} Rd7 {[%clk 0:19:03]} 23. f3 {[%clk 0:21:58]} Qb6 {[%clk
0:10:29]} 24. Nf1 {[%clk 0:19:33]} Rc8 {[%clk 0:06:30]} 25. Kh2 {[%clk 0:15:41]}
c4 {[%clk 0:04:39]} 26. Ne3 {[%clk 0:11:52]} Rdc7 {[%clk 0:05:02]} 27. Be1 {[%clk
0:10:58]} Qf6 {[%clk 0:01:54]} 28. Nd5 {[%clk 0:07:20]} Bxd5 {[%clk 0:02:19]} 29.
Rxd5 {[%clk 0:07:31]} Nc6 {[%clk 0:01:50]} 30. Bg3 {[%clk 0:07:39]} h5 {[%clk
0:00:45]} 31. Qf2 {[%clk 0:06:36]} Be7 {[%clk 0:01:08]} 32. Kh1 {[%clk 0:04:58]}
h4 {[%clk 0:01:15]} 33. Bh2 {[%clk 0:05:26]} c3 {[%clk 0:01:16]} 34. bxc3 {[%clk
0:04:44]} bxc3 {[%clk 0:01:45]} 35. Rb1 {[%clk 0:05:08]} Bd6 {[%clk 0:01:01]} 36.
Rb6 {[%clk 0:05:01]} Rb8 {[%clk 0:00:43]} 37. Rxb8+ {[%clk 0:04:00]} Nxb8 {[%clk
0:01:11]} 38. Qb6 {[%clk 0:04:20]} Rc6 {[%clk 0:01:11]} 39. Qb7 {[%clk 0:04:42]}
Qg5 {[%clk 0:00:34]} 40. Rxd6 {[%clk 0:31:37]} Rxd6 {[%clk 0:30:59]} 41. Qxf7+
{[%clk 0:23:24]} Kh7 {[%clk 0:31:22]} 42. Qg8+ {[%clk 0:23:42]} Kh6 {[%clk
0:29:09]} 43. Qh8+ {[%clk 0:23:33]} Kg6 {[%clk 0:29:35]} 44. Qe8+ {[%clk
0:23:41]} Kh7 {[%clk 0:24:41]} 45. Bxe5 {[%clk 0:23:49]} Rd8 {[%clk 0:22:39]} 46.
Bg8+ {[%clk 0:17:21]} Kh8 {[%clk 0:17:48]} 47. Bxg7+ {[%clk 0:17:41]} Qxg7 {[%clk
0:18:13]} 48. Qxd8 {[%clk 0:18:05]} Qxg8 {[%clk 0:15:56]} 49. Qxh4+ {[%clk
0:18:29]} Qh7 {[%clk 0:15:39]} 50. Qd8+ {[%clk 0:18:50]} Qg8 {[%clk 0:16:02]} 51.
Qc7 {[%clk 0:19:07]} Qe8 {[%clk 0:14:32]} 52. Qxc3+ {[%clk 0:18:09]} Kh7 {[%clk
0:14:57]} 53. Qc7+ {[%clk 0:17:37]} Kg6 {[%clk 0:14:10]} 54. f4 {[%clk 0:16:21]}
Nc6 {[%clk 0:12:44]} 55. Qd6+ {[%clk 0:16:11]} Kh7 {[%clk 0:12:14]} 56. e5 {[%clk
0:16:17]} a5 {[%clk 0:11:56]} 57. c4 {[%clk 0:14:34]} Ne7 {[%clk 0:09:30]} 58. c5
{[%clk 0:13:11]} Nc6 {[%clk 0:08:12]} 59. g4 {[%clk 0:10:03]} Nb4 {[%clk
0:07:18]} 60. Kh2 {[%clk 0:05:57]} Qxa4 {[%clk 0:07:18]} 61. e6 {[%clk 0:05:28]}
Qb3 {[%clk 0:01:02]} 62. Qd7+ {[%clk 0:02:20]} Kg8 {[%clk 0:01:27]} 63. e7 {[%clk
0:02:01]} Qc2+ {[%clk 0:01:26]} 64. Kg3 {[%clk 0:02:26]} Qc3+ {[%clk 0:01:52]}
65. Kh4 {[%clk 0:02:36]} Qf6+ {[%clk 0:01:02]} 66. Kh5 {[%clk 0:01:56]} Qf7+
{[%clk 0:01:15]} 67. Kg5 {[%clk 0:02:18]} Qg7+ {[%clk 0:01:37]} 68. Kf5 {[%clk
0:02:37]} Qf7+ {[%clk 0:01:46]} 69. Ke5 {[%clk 0:02:29]} Qg7+ {[%clk 0:01:23]}
70. Ke4 {[%clk 0:02:47]} Qh7+ {[%clk 0:00:39]} 71. f5 {[%clk 0:03:08]} 1-0

[Event "European Women's Championship"]
[Site "Vysoke Tatry"]
[Date "2018.04.08"]
[Round "1"]
[White "Berke, Ana"]
[Black "Voit, Daria"]
[Result "0-1"]
[Board "39"]
[WhiteElo "2173"]
[WhiteTitle "WIM"]
[WhiteCountry "CRO"]
[WhiteFideId "14510359"]
[WhiteEloChange "-4"]
[BlackElo "2388"]
[BlackTitle "FM"]
[BlackCountry "RUS"]
[BlackFideId "4182146"]
[BlackEloChange "4"]

1. d4 {[%clk 1:30:55]} d5 {[%clk 1:30:06]} 2. Bf4 {[%clk 1:31:04]} Nf6 {[%clk
1:30:24]} 3. e3 {[%clk 1:31:09]} c5 {[%clk 1:26:43]} 4. c3 {[%clk 1:28:50]} Nc6
{[%clk 1:26:29]} 5. Nd2 {[%clk 1:28:27]} e6 {[%clk 1:11:18]} 6. Ngf3 {[%clk
1:28:17]} Bd6 {[%clk 1:11:45]} 7. Bg3 {[%clk 1:27:57]} O-O {[%clk 1:11:41]} 8.
Bd3 {[%clk 1:20:16]} h6 {[%clk 1:11:42]} 9. Ne5 {[%clk 1:13:21]} Bxe5 {[%clk
1:11:14]} 10. dxe5 {[%clk 1:11:10]} Nd7 {[%clk 1:11:39]} 11. f4 {[%clk 1:08:11]}
c4 {[%clk 1:11:36]} 12. Bc2 {[%clk 1:03:15]} Qb6 {[%clk 1:11:54]} 13. O-O {[%clk
1:02:10]} Qxb2 {[%clk 1:09:43]} 14. e4 {[%clk 0:44:34]} Qxc3 {[%clk 1:00:18]} 15.
Rf3 {[%clk 0:40:28]} Qb4 {[%clk 0:58:25]} 16. exd5 {[%clk 0:37:24]} exd5 {[%clk
0:56:40]} 17. Bf2 {[%clk 0:32:51]} Qe7 {[%clk 0:40:53]} 18. Rg3 {[%clk 0:30:03]}
f6 {[%clk 0:32:23]} 19. e6 {[%clk 0:17:12]} Qxe6 {[%clk 0:28:58]} 20. Qh5 {[%clk
0:16:47]} f5 {[%clk 0:24:05]} 21. Re1 {[%clk 0:14:19]} Qf7 {[%clk 0:19:00]} 22.
Qxh6 {[%clk 0:12:45]} Nf6 {[%clk 0:19:26]} 23. Rg5 {[%clk 0:03:33]} Re8 {[%clk
0:13:20]} 24. Rxe8+ {[%clk 0:02:14]} Nxe8 {[%clk 0:13:46]} 25. Nf3 {[%clk
0:02:12]} Qf6 {[%clk 0:11:53]} 26. Qh3 {[%clk 0:01:13]} Qa1+ {[%clk 0:07:14]} 27.
Ne1 {[%clk 0:00:51]} Nf6 {[%clk 0:04:08]} 28. Qe3 {[%clk 0:00:36]} Bd7 {[%clk
0:03:14]} 29. h4 {[%clk 0:00:38]} Re8 {[%clk 0:03:26]} 30. Qg3 {[%clk 0:01:02]}
Ng4 {[%clk 0:03:01]} 31. Bxf5 {[%clk 0:00:34]} Bxf5 {[%clk 0:03:21]} 32. Rxg4
{[%clk 0:00:45]} Bxg4 {[%clk 0:03:16]} 33. Qxg4 {[%clk 0:01:00]} Rxe1+ {[%clk
0:02:17]} 0-1

[Event "European Women's Championship"]
[Site "Vysoke Tatry"]
[Date "2018.04.08"]
[Round "1"]
[White "Schleining, Zoya"]
[Black "Batyte, Daiva"]
[Result "1/2-1/2"]
[Board "40"]
[WhiteElo "2382"]
[WhiteTitle "IM"]
[WhiteCountry "GER"]
[WhiteFideId "4671660"]
[WhiteEloChange "-6"]
[BlackElo "2165"]
[BlackTitle "WFM"]
[BlackCountry "LTU"]
[BlackFideId "12801860"]
[BlackEloChange "6"]

1. d4 {[%clk 1:30:57]} Nf6 {[%clk 1:30:53]} 2. Nf3 {[%clk 1:31:20]} g6 {[%clk
1:31:09]} 3. c4 {[%clk 1:31:41]} Bg7 {[%clk 1:31:03]} 4. Nc3 {[%clk 1:32:02]} O-O
{[%clk 1:29:45]} 5. e4 {[%clk 1:32:16]} d6 {[%clk 1:29:20]} 6. h3 {[%clk
1:32:32]} Na6 {[%clk 1:23:24]} 7. Be3 {[%clk 1:31:56]} c5 {[%clk 1:17:29]} 8. d5
{[%clk 1:28:03]} Nc7 {[%clk 1:01:36]} 9. Qd2 {[%clk 1:25:49]} a6 {[%clk 1:01:32]}
10. a4 {[%clk 1:24:26]} b6 {[%clk 1:00:11]} 11. Bd3 {[%clk 1:09:11]} Bd7 {[%clk
0:57:19]} 12. e5 {[%clk 1:02:40]} Nfe8 {[%clk 0:52:43]} 13. Bh6 {[%clk 0:57:04]}
b5 {[%clk 0:42:56]} 14. h4 {[%clk 0:43:15]} bxc4 {[%clk 0:30:36]} 15. Bxc4 {[%clk
0:42:27]} Bf5 {[%clk 0:27:34]} 16. h5 {[%clk 0:39:03]} dxe5 {[%clk 0:23:19]} 17.
hxg6 {[%clk 0:37:37]} Bxg6 {[%clk 0:23:10]} 18. Bxg7 {[%clk 0:36:43]} Nxg7 {[%clk
0:22:59]} 19. Nxe5 {[%clk 0:36:12]} Qd6 {[%clk 0:20:47]} 20. Nxg6 {[%clk
0:34:58]} fxg6 {[%clk 0:15:16]} 21. Ne4 {[%clk 0:21:01]} Qe5 {[%clk 0:11:06]} 22.
f3 {[%clk 0:17:01]} e6 {[%clk 0:10:33]} 23. d6 {[%clk 0:16:28]} Nd5 {[%clk
0:10:05]} 24. O-O-O {[%clk 0:14:58]} Nb6 {[%clk 0:09:11]} 25. Bb3 {[%clk
0:15:00]} c4 {[%clk 0:08:40]} 26. Bc2 {[%clk 0:15:06]} Rab8 {[%clk 0:07:32]} 27.
Qd4 {[%clk 0:11:31]} Qf4+ {[%clk 0:06:23]} 28. Rd2 {[%clk 0:11:12]} e5 {[%clk
0:06:14]} 29. Qf2 {[%clk 0:09:08]} a5 {[%clk 0:05:53]} 30. Rh4 {[%clk 0:08:46]}
Qf5 {[%clk 0:03:15]} 31. Qg3 {[%clk 0:07:17]} Ne6 {[%clk 0:02:32]} 32. Nc5 {[%clk
0:05:51]} Qf6 {[%clk 0:02:36]} 33. Nxe6 {[%clk 0:05:33]} Qxe6 {[%clk 0:02:56]}
34. Rg4 {[%clk 0:04:57]} Rf6 {[%clk 0:02:43]} 35. Re4 {[%clk 0:05:09]} Nd7 {[%clk
0:02:51]} 36. Qf2 {[%clk 0:03:52]} c3 {[%clk 0:02:09]} 37. bxc3 {[%clk 0:04:20]}
Qa2 {[%clk 0:02:13]} 38. Rd3 {[%clk 0:03:35]} Qa3+ {[%clk 0:02:21]} 39. Kd2
{[%clk 0:02:37]} Nc5 {[%clk 0:02:25]} 40. Ree3 {[%clk 0:31:34]} Nxd3 {[%clk
0:32:28]} 41. Rxd3 {[%clk 0:31:56]} Rxd6 {[%clk 0:32:36]} 42. Qe3 {[%clk
0:31:12]} Rxd3+ {[%clk 0:29:33]} 43. Qxd3 {[%clk 0:31:05]} Qe7 {[%clk 0:29:37]}
44. Qd5+ {[%clk 0:29:30]} Kg7 {[%clk 0:29:57]} 45. Ke2 {[%clk 0:27:24]} Rb2
{[%clk 0:25:25]} 46. Kd1 {[%clk 0:26:49]} Qc7 {[%clk 0:24:18]} 47. g4 {[%clk
0:17:52]} Rb8 {[%clk 0:24:10]} 48. Qd2 {[%clk 0:13:00]} Rd8 {[%clk 0:24:03]} 49.
Bd3 {[%clk 0:13:24]} Qd7 {[%clk 0:23:24]} 50. Ke2 {[%clk 0:13:34]} Qxa4 {[%clk
0:23:11]} 51. Qg5 {[%clk 0:13:15]} Re8 {[%clk 0:22:36]} 52. Qe3 {[%clk 0:11:59]}
Qa2+ {[%clk 0:21:18]} 53. Kf1 {[%clk 0:12:09]} Qa1+ {[%clk 0:21:06]} 54. Kg2
{[%clk 0:12:34]} Qxc3 {[%clk 0:20:31]} 55. Qa7+ {[%clk 0:12:33]} Kh8 {[%clk
0:17:10]} 56. Qf7 {[%clk 0:11:58]} Qc6 {[%clk 0:16:41]} 57. Bc4 {[%clk 0:10:38]}
e4 {[%clk 0:14:57]} 58. Bd5 {[%clk 0:10:11]} exf3+ {[%clk 0:14:51]} 59. Kh3
{[%clk 0:09:09]} Qc3 {[%clk 0:13:08]} 60. Qxe8+ {[%clk 0:09:32]} Kg7 {[%clk
0:13:28]} 61. Qf7+ {[%clk 0:08:29]} Kh6 {[%clk 0:13:44]} 62. Qf8+ {[%clk
0:07:12]} Kg5 {[%clk 0:13:58]} 63. Qe7+ {[%clk 0:07:06]} Kf4 {[%clk 0:10:51]} 64.
Qf8+ {[%clk 0:02:29]} Kg5 {[%clk 0:09:38]} 65. Qe7+ {[%clk 0:02:28]} Kf4 {[%clk
0:09:58]} 66. Qf7+ {[%clk 0:01:07]} Ke3 {[%clk 0:10:18]} 67. Qxf3+ {[%clk
0:01:31]} Kd4 {[%clk 0:10:42]} 68. Qxc3+ {[%clk 0:01:41]} Kxc3 {[%clk 0:11:10]}
69. Kh4 {[%clk 0:01:25]} h5 {[%clk 0:10:43]} 70. gxh5 {[%clk 0:01:26]} 1/2-1/2

[Event "European Women's Championship"]
[Site "Vysoke Tatry"]
[Date "2018.04.08"]
[Round "1"]
[White "Stetsko, Lanita"]
[Black "Badelka, Olga"]
[Result "0-1"]
[Board "41"]
[WhiteElo "2164"]
[WhiteTitle "FM"]
[WhiteCountry "BLR"]
[WhiteFideId "13505300"]
[WhiteEloChange "-5"]
[BlackElo "2375"]
[BlackTitle "WIM"]
[BlackCountry "BLR"]
[BlackFideId "13509926"]
[BlackEloChange "5"]

1. e4 {[%clk 1:30:52]} c5 {[%clk 1:30:56]} 2. Nf3 {[%clk 1:31:16]} Nc6 {[%clk
1:31:22]} 3. Bb5 {[%clk 1:31:29]} e6 {[%clk 1:31:47]} 4. O-O {[%clk 1:31:40]}
Nge7 {[%clk 1:32:13]} 5. d4 {[%clk 1:32:03]} cxd4 {[%clk 1:32:39]} 6. Nxd4 {[%clk
1:32:29]} Qb6 {[%clk 1:32:47]} 7. Nxc6 {[%clk 1:31:56]} bxc6 {[%clk 1:33:13]} 8.
Be2 {[%clk 1:32:00]} Ng6 {[%clk 1:33:29]} 9. c4 {[%clk 1:31:17]} Be7 {[%clk
1:33:48]} 10. Nc3 {[%clk 1:31:40]} O-O {[%clk 1:33:59]} 11. Rb1 {[%clk 1:30:46]}
Qc7 {[%clk 1:32:51]} 12. Be3 {[%clk 1:23:23]} c5 {[%clk 1:32:04]} 13. Qd2 {[%clk
1:22:30]} a6 {[%clk 1:29:01]} 14. Rbd1 {[%clk 1:18:45]} d6 {[%clk 1:27:22]} 15.
f4 {[%clk 0:55:37]} Bb7 {[%clk 1:27:43]} 16. Qe1 {[%clk 0:40:51]} Bh4 {[%clk
1:17:57]} 17. Qd2 {[%clk 0:40:57]} Rad8 {[%clk 1:11:48]} 18. Bf3 {[%clk 0:33:37]}
Bc6 {[%clk 1:04:49]} 19. Qc2 {[%clk 0:30:21]} Bf6 {[%clk 1:02:05]} 20. Ne2 {[%clk
0:23:21]} Qb7 {[%clk 0:48:36]} 21. b3 {[%clk 0:22:48]} Nh4 {[%clk 0:48:45]} 22.
Ng3 {[%clk 0:19:44]} Nxf3+ {[%clk 0:48:26]} 23. gxf3 {[%clk 0:19:06]} g6 {[%clk
0:43:33]} 24. Qg2 {[%clk 0:18:58]} Bg7 {[%clk 0:37:20]} 25. f5 {[%clk 0:10:46]}
Qe7 {[%clk 0:37:05]} 26. Rfe1 {[%clk 0:03:25]} Kh8 {[%clk 0:35:36]} 27. Bf4
{[%clk 0:00:33]} e5 {[%clk 0:29:20]} 28. Bd2 {[%clk 0:00:34]} Bf6 {[%clk
0:29:26]} 29. Ba5 {[%clk 0:00:45]} Rd7 {[%clk 0:29:32]} 30. Kh1 {[%clk 0:00:38]}
Rg8 {[%clk 0:29:29]} 31. Qh3 {[%clk 0:00:52]} Bg5 {[%clk 0:20:42]} 32. Bd2 {[%clk
0:00:46]} Bf4 {[%clk 0:18:53]} 33. Bxf4 {[%clk 0:00:54]} exf4 {[%clk 0:19:19]}
34. Ne2 {[%clk 0:01:08]} Qe5 {[%clk 0:18:17]} 35. Qh4 {[%clk 0:00:33]} g5 {[%clk
0:11:32]} 36. Qh5 {[%clk 0:00:33]} g4 {[%clk 0:11:08]} 37. Ng1 {[%clk 0:00:39]}
f6 {[%clk 0:09:04]} 38. Rd2 {[%clk 0:00:36]} Qc3 {[%clk 0:04:37]} 39. Rde2 {[%clk
0:01:00]} Rdg7 {[%clk 0:04:17]} 40. Rg2 {[%clk 0:30:36]} Qxe1 {[%clk 0:34:35]}
0-1

[Event "European Women's Championship"]
[Site "Vysoke Tatry"]
[Date "2018.04.08"]
[Round "1"]
[White "Gara, Anita"]
[Black "Pavlidou, Ekaterini"]
[Result "1-0"]
[Board "42"]
[WhiteElo "2369"]
[WhiteTitle "IM"]
[WhiteCountry "HUN"]
[WhiteFideId "709751"]
[WhiteEloChange "5"]
[BlackElo "2164"]
[BlackTitle "WIM"]
[BlackCountry "GRE"]
[BlackFideId "4213262"]
[BlackEloChange "-5"]

1. e4 {[%clk 1:30:58]} c5 {[%clk 1:30:44]} 2. Nf3 {[%clk 1:31:23]} Nc6 {[%clk
1:30:36]} 3. Bb5 {[%clk 1:31:09]} Nf6 {[%clk 1:30:34]} 4. Nc3 {[%clk 1:28:29]}
Qc7 {[%clk 1:30:28]} 5. O-O {[%clk 1:27:01]} a6 {[%clk 1:30:17]} 6. Bxc6 {[%clk
1:21:47]} dxc6 {[%clk 1:30:33]} 7. e5 {[%clk 1:16:27]} Nd5 {[%clk 1:30:38]} 8.
Ne4 {[%clk 1:15:50]} Bg4 {[%clk 1:30:14]} 9. Nxc5 {[%clk 1:08:15]} e6 {[%clk
1:30:29]} 10. Ne4 {[%clk 1:02:45]} O-O-O {[%clk 1:26:20]} 11. d4 {[%clk 1:00:52]}
h6 {[%clk 1:18:45]} 12. Bd2 {[%clk 0:58:58]} f5 {[%clk 1:11:30]} 13. Ng3 {[%clk
0:47:47]} f4 {[%clk 0:47:53]} 14. Ne4 {[%clk 0:47:02]} Bf5 {[%clk 0:46:23]} 15.
Re1 {[%clk 0:41:21]} g5 {[%clk 0:44:18]} 16. c4 {[%clk 0:40:09]} Qh7 {[%clk
0:41:22]} 17. Nd6+ {[%clk 0:36:40]} Rxd6 {[%clk 0:40:37]} 18. exd6 {[%clk
0:36:20]} Nf6 {[%clk 0:40:04]} 19. d5 {[%clk 0:32:27]} Ne4 {[%clk 0:37:13]} 20.
Nd4 {[%clk 0:19:55]} Bxd6 {[%clk 0:35:47]} 21. Nxe6 {[%clk 0:17:04]} Bxe6 {[%clk
0:32:38]} 22. dxe6 {[%clk 0:17:20]} Bc5 {[%clk 0:32:58]} 23. Rxe4 {[%clk
0:09:27]} Qxe4 {[%clk 0:33:18]} 24. Bc3 {[%clk 0:07:28]} Rd8 {[%clk 0:33:12]} 25.
Qg4 {[%clk 0:07:53]} Be7 {[%clk 0:31:21]} 26. Re1 {[%clk 0:05:59]} Qxc4 {[%clk
0:30:28]} 27. Qf5 {[%clk 0:05:57]} Qd5 {[%clk 0:23:15]} 28. Qh7 {[%clk 0:05:13]}
Qd6 {[%clk 0:17:13]} 29. h3 {[%clk 0:05:38]} f3 {[%clk 0:11:11]} 30. g3 {[%clk
0:06:04]} b5 {[%clk 0:11:11]} 31. a3 {[%clk 0:05:39]} c5 {[%clk 0:08:37]} 32. Ba5
{[%clk 0:05:02]} Rf8 {[%clk 0:07:25]} 33. Qe4 {[%clk 0:05:27]} Kb8 {[%clk
0:07:32]} 34. Bc3 {[%clk 0:05:40]} Ka7 {[%clk 0:07:27]} 35. b4 {[%clk 0:05:27]}
Qc7 {[%clk 0:04:44]} 36. Be5 {[%clk 0:03:40]} Qb6 {[%clk 0:04:52]} 37. Qh7 {[%clk
0:02:36]} Qb7 {[%clk 0:03:40]} 38. Rd1 {[%clk 0:01:51]} Rd8 {[%clk 0:02:18]} 39.
Rxd8 {[%clk 0:02:15]} Bxd8 {[%clk 0:02:44]} 40. Qxb7+ {[%clk 0:32:31]} Kxb7
{[%clk 0:33:08]} 41. Bd6 {[%clk 0:27:57]} c4 {[%clk 0:32:00]} 42. e7 {[%clk
0:28:06]} Bxe7 {[%clk 0:32:21]} 43. Bxe7 {[%clk 0:28:32]} Kc6 {[%clk 0:32:29]}
44. Kf1 {[%clk 0:27:28]} Kd5 {[%clk 0:32:52]} 45. Ke1 {[%clk 0:27:21]} c3 {[%clk
0:32:59]} 46. Kd1 {[%clk 0:27:41]} Kc4 {[%clk 0:33:26]} 47. Kc2 {[%clk 0:28:04]}
1-0

[Event "European Women's Championship"]
[Site "Vysoke Tatry"]
[Date "2018.04.08"]
[Round "1"]
[White "Huda, Maryana"]
[Black "Kovanova, Baira"]
[Result "1/2-1/2"]
[Board "43"]
[WhiteElo "2161"]
[WhiteTitle "WGM"]
[WhiteCountry "UKR"]
[WhiteFideId "14116553"]
[WhiteEloChange "5"]
[BlackElo "2368"]
[BlackTitle "WGM"]
[BlackCountry "RUS"]
[BlackFideId "4164083"]
[BlackEloChange "-5"]

1. Nf3 {[%clk 1:30:58]} Nf6 {[%clk 1:30:49]} 2. g3 {[%clk 1:31:20]} e6 {[%clk
1:28:15]} 3. Bg2 {[%clk 1:31:27]} d5 {[%clk 1:28:27]} 4. d4 {[%clk 1:30:16]} Be7
{[%clk 1:26:55]} 5. c4 {[%clk 1:29:48]} O-O {[%clk 1:26:39]} 6. O-O {[%clk
1:29:44]} c6 {[%clk 1:26:02]} 7. b3 {[%clk 1:23:32]} b6 {[%clk 1:22:49]} 8. Ne5
{[%clk 1:19:34]} Bb7 {[%clk 1:18:57]} 9. Bb2 {[%clk 1:18:06]} Nbd7 {[%clk
1:18:29]} 10. Nd2 {[%clk 1:08:54]} Rc8 {[%clk 1:13:24]} 11. e4 {[%clk 1:02:18]}
dxc4 {[%clk 1:10:10]} 12. Ndxc4 {[%clk 0:51:04]} b5 {[%clk 0:58:49]} 13. Nxd7
{[%clk 0:50:28]} Qxd7 {[%clk 0:56:17]} 14. Ne5 {[%clk 0:49:51]} Qd8 {[%clk
0:55:53]} 15. Qe2 {[%clk 0:45:57]} Qb6 {[%clk 0:54:23]} 16. Rfd1 {[%clk 0:44:14]}
c5 {[%clk 0:48:54]} 17. Ng4 {[%clk 0:31:13]} c4 {[%clk 0:45:20]} 18. Rac1 {[%clk
0:29:57]} Rfd8 {[%clk 0:35:40]} 19. d5 {[%clk 0:23:55]} exd5 {[%clk 0:25:36]} 20.
Nxf6+ {[%clk 0:19:36]} Bxf6 {[%clk 0:24:00]} 21. Bxf6 {[%clk 0:19:59]} Qxf6
{[%clk 0:24:26]} 22. exd5 {[%clk 0:20:19]} Ba6 {[%clk 0:16:14]} 23. bxc4 {[%clk
0:20:31]} bxc4 {[%clk 0:16:24]} 24. Qe3 {[%clk 0:20:17]} c3 {[%clk 0:13:18]} 25.
Qxa7 {[%clk 0:18:32]} c2 {[%clk 0:12:45]} 26. Re1 {[%clk 0:16:31]} Re8 {[%clk
0:12:31]} 27. Rxe8+ {[%clk 0:11:21]} Rxe8 {[%clk 0:12:58]} 28. Bf1 {[%clk
0:10:57]} Bxf1 {[%clk 0:11:19]} 29. Qa4 {[%clk 0:08:04]} Qe5 {[%clk 0:05:51]} 30.
Kxf1 {[%clk 0:07:06]} h5 {[%clk 0:02:57]} 31. Qxc2 {[%clk 0:01:30]} Qxd5 {[%clk
0:03:15]} 32. Qc6 {[%clk 0:01:02]} Qd3+ {[%clk 0:02:21]} 33. Kg2 {[%clk 0:01:27]}
Re2 {[%clk 0:02:06]} 34. Qf3 {[%clk 0:00:46]} Qxf3+ {[%clk 0:02:18]} 1/2-1/2

[Event "European Women's Championship"]
[Site "Vysoke Tatry"]
[Date "2018.04.08"]
[Round "1"]
[White "Michna, Marta"]
[Black "Smirnova, Ekaterina"]
[Result "1-0"]
[Board "44"]
[WhiteElo "2367"]
[WhiteTitle "WGM"]
[WhiteCountry "GER"]
[WhiteFideId "1106686"]
[WhiteEloChange "5"]
[BlackElo "2153"]
[BlackTitle "WFM"]
[BlackCountry "RUS"]
[BlackFideId "4110943"]
[BlackEloChange "-5"]

1. Nf3 {[%clk 1:30:45]} Nf6 {[%clk 1:30:46]} 2. d3 {[%clk 1:30:58]} d5 {[%clk
1:31:08]} 3. c3 {[%clk 1:31:06]} g6 {[%clk 1:28:25]} 4. Qc2 {[%clk 1:31:32]} Bg7
{[%clk 1:28:39]} 5. e4 {[%clk 1:31:57]} O-O {[%clk 1:28:21]} 6. Be2 {[%clk
1:32:17]} c5 {[%clk 1:28:28]} 7. Nbd2 {[%clk 1:31:49]} Nc6 {[%clk 1:28:44]} 8.
O-O {[%clk 1:32:11]} e5 {[%clk 1:28:55]} 9. Re1 {[%clk 1:31:43]} h6 {[%clk
1:28:35]} 10. Bf1 {[%clk 1:31:27]} Re8 {[%clk 1:27:03]} 11. a4 {[%clk 1:30:57]}
a5 {[%clk 1:24:32]} 12. exd5 {[%clk 1:28:18]} Nxd5 {[%clk 1:24:12]} 13. Nc4
{[%clk 1:28:07]} Qc7 {[%clk 1:15:34]} 14. Nfd2 {[%clk 1:23:23]} b6 {[%clk
1:04:24]} 15. Na3 {[%clk 1:14:32]} Na7 {[%clk 0:56:41]} 16. Ndc4 {[%clk 1:01:18]}
Bf5 {[%clk 0:53:38]} 17. Qb3 {[%clk 0:56:05]} Rad8 {[%clk 0:52:10]} 18. Bd2
{[%clk 0:47:22]} Kh7 {[%clk 0:50:42]} 19. Rad1 {[%clk 0:46:14]} Nc8 {[%clk
0:40:20]} 20. Nb5 {[%clk 0:39:12]} Qd7 {[%clk 0:39:36]} 21. Bc1 {[%clk 0:39:05]}
Bg4 {[%clk 0:26:59]} 22. f3 {[%clk 0:32:01]} Bf5 {[%clk 0:26:34]} 23. g3 {[%clk
0:28:01]} h5 {[%clk 0:18:37]} 24. Qc2 {[%clk 0:26:29]} Re7 {[%clk 0:15:10]} 25.
Qf2 {[%clk 0:24:47]} Rde8 {[%clk 0:11:48]} 26. Nd2 {[%clk 0:19:43]} f6 {[%clk
0:08:51]} 27. Ne4 {[%clk 0:19:41]} Bh3 {[%clk 0:05:05]} 28. Be2 {[%clk 0:18:14]}
Be6 {[%clk 0:03:58]} 29. d4 {[%clk 0:14:33]} cxd4 {[%clk 0:03:51]} 30. cxd4
{[%clk 0:14:59]} Bf7 {[%clk 0:04:08]} 31. Bf1 {[%clk 0:12:35]} Qc6 {[%clk
0:03:21]} 32. dxe5 {[%clk 0:11:45]} Rxe5 {[%clk 0:03:34]} 33. Nd4 {[%clk
0:12:07]} Qb7 {[%clk 0:03:02]} 34. Bb5 {[%clk 0:12:19]} Rf8 {[%clk 0:02:38]} 35.
f4 {[%clk 0:09:21]} Rxe4 {[%clk 0:01:51]} 36. Rxe4 {[%clk 0:09:46]} Nc3 {[%clk
0:02:18]} 37. bxc3 {[%clk 0:10:12]} Qxe4 {[%clk 0:02:46]} 38. Bd3 {[%clk
0:10:23]} Qb7 {[%clk 0:02:07]} 39. f5 {[%clk 0:10:12]} Ne7 {[%clk 0:01:45]} 40.
fxg6+ {[%clk 0:35:39]} Bxg6 {[%clk 0:31:44]} 41. Bxg6+ {[%clk 0:33:43]} Nxg6
{[%clk 0:29:54]} 42. Qf5 {[%clk 0:33:54]} Qf7 {[%clk 0:30:10]} 43. Ne6 {[%clk
0:29:56]} Kg8 {[%clk 0:28:25]} 44. Nxf8 {[%clk 0:30:04]} Nxf8 {[%clk 0:28:25]}
45. Be3 {[%clk 0:29:53]} Qe8 {[%clk 0:26:19]} 46. Bxb6 {[%clk 0:27:51]} Qxa4
{[%clk 0:26:40]} 47. Qd5+ {[%clk 0:28:13]} Kh8 {[%clk 0:26:46]} 48. Qxh5+ {[%clk
0:28:33]} Kg8 {[%clk 0:27:14]} 49. Qd5+ {[%clk 0:28:58]} Kh8 {[%clk 0:27:35]} 50.
Bxa5 {[%clk 0:27:50]} Ng6 {[%clk 0:26:47]} 51. Qh5+ {[%clk 0:27:56]} Kg8 {[%clk
0:27:13]} 52. Rd8+ {[%clk 0:28:07]} Nf8 {[%clk 0:27:26]} 53. Bb4 {[%clk 0:25:33]}
Qa1+ {[%clk 0:27:50]} 54. Rd1 {[%clk 0:25:29]} Qa7+ {[%clk 0:28:09]} 55. Bc5
{[%clk 0:25:41]} 1-0